| 000 | 00489nam a2200133Ia 4500 | ||
|---|---|---|---|
| 008 | 160809s9999 xx 000 0 und d | ||
| 100 | _aTsaousi, Georgia. | ||
| 245 | _aDo a Neurocritical Care Unit Requires Dedicated Nurse Staff? | ||
| 245 | _cGeorgia Tsaousi, and Federico Bilotta. | ||
| 260 | _bJournal of Nursing and Care | ||
| 260 | _cFebruary 2016 | ||
| 650 | _xNURSING | ||
| 856 | _uhttp://www.omicsgroup.org/journals/ArchiveJNC/jnc-archive.php?journal=jnc&month=February&year=2019 | ||
| 999 |
_c300152 _d300152 |
||